Diseño de un manual de marketing para el incremento de la cartera de clientes de la caja de crédito de Atiquizaya en el periodo de enero a agosto de 2006. (Registro nro. 10164)

Detalles MARC
000 -LEADER
fixed length control field 00786nam a2200205Ia 4500
005 - FECHA Y HORA DE LA ÚLTIMA TRANSACCIÓN
control field 20231212095603.0
008 - FIXED-LENGTH DATA ELEMENTS--GENERAL INFORMATION
fixed length control field 231205s9999 xx 000 0 und d
040 ## - CATALOGING SOURCE
Original cataloging agency UPAN
Transcribing agency Biblioteca San Vicente
Description conventions RCAA2
041 ## - LANGUAGE CODE
Language code of text/sound track or separate title spa
082 ## - DEWEY DECIMAL CLASSIFICATION NUMBER
Classification number 332.1
Item number Lop
año de publicación 2006
100 ## - MAIN ENTRY--PERSONAL NAME
Personal name López Sandoval, Ulma Areli;
Relator code aut.
245 #0 - TITLE STATEMENT
Title Diseño de un manual de marketing para el incremento de la cartera de clientes de la caja de crédito de Atiquizaya en el periodo de enero a agosto de 2006.
260 ## - PUBLICATION, DISTRIBUTION, ETC. (IMPRINT)
Place of publication, distribution, etc Ahuachapán:
Name of publisher, distributor, etc Universidad Panamericana,
Date of publication, distribution, etc 2006
300 ## - PHYSICAL DESCRIPTION
Extent 162 p.;
Dimensions 28 cm.
650 ## - SUBJECT ADDED ENTRY--TOPICAL TERM
Source of heading or term LEMB
Topical term or geographic name as entry element Marketing
Form subdivision Manual
700 ## - ADDED ENTRY--PERSONAL NAME
Personal name Quiñonez Diaz, Lucia Guadalupe
Relator code aut.
700 ## - ADDED ENTRY--PERSONAL NAME
Personal name Vindel, Delmy Concepciòn;
Relator code aut.
700 ## - ADDED ENTRY--PERSONAL NAME
Personal name Zuna Cabezas, Jecenya Beatriz
Relator code aut.
942 ## - ADDED ENTRY ELEMENTS (KOHA)
Koha item type Libros
Source of classification or shelving scheme Dewey Decimal Classification
Existencias
Withdrawn status Lost status Source of classification or shelving scheme Damaged status Not for loan Collection code Home library Current library Date acquired Total Checkouts Full call number Barcode Date last seen Copy number Price effective from Koha item type
    Dewey Decimal Classification     Referencia Biblioteca UPAN San Vicente Biblioteca UPAN San Vicente 05/12/2023   332.1 Lop 12100038 05/12/2023 01 05/12/2023 Trabajos de Grado